00373nam a22001337a 450000500170000000800410001704100130005808200120007110000120008324500420009526000460013730000310018365000250021420240808094711.0240808b |||||||| |||| 00| 0 eng d aEnglish  a349 SOU lEnglish aSouth African Law Reports: Transvaal  aCape Town: bJuta and Company Ltd, c1929 bxxxv, 238 pages; c25 cm.  aLegal practice bLaw